|
|
|
|
| LEADER |
00000naa2a2200000 4500 |
| 001 |
393877 |
| 005 |
20231101064435.0 |
| 035 |
|
|
|a (RuTPU)RU\TPU\prd\30229
|
| 090 |
|
|
|a 393877
|
| 100 |
|
|
|a 20041122a2004 k y0rusy50 ca
|
| 101 |
0 |
|
|a rus
|
| 102 |
|
|
|a RU
|
| 200 |
1 |
|
|a Рекурнтные методы идентификации динамических объектов
|f А. В. Щедринов, С. А. Сериков
|
| 225 |
1 |
|
|a Автоматизорованные системы управления
|
| 320 |
|
|
|a Библиогр.: 2 назв.
|
| 461 |
|
1 |
|0 (RuTPU)RU\TPU\prd\1687
|t Приборы и системы. Управление, контроль, диагностика
|o научно-технический и производственный журнал
|d 2000-
|
| 463 |
|
1 |
|0 (RuTPU)RU\TPU\prd\28768
|t № 9
|v С. 8-13
|d 2004
|
| 610 |
1 |
|
|a идентификация
|
| 610 |
1 |
|
|a методы идентификации
|
| 610 |
1 |
|
|a рекурентные методы
|
| 610 |
1 |
|
|a качество управления
|
| 610 |
1 |
|
|a динамические объекты
|
| 700 |
|
1 |
|a Щедринов
|b А. В.
|
| 701 |
|
1 |
|a Сериков
|b С. А.
|
| 801 |
|
1 |
|a RU
|b 63413507
|c 20041122
|g PSBO
|
| 801 |
|
2 |
|a RU
|b 63413507
|c 20121009
|g RCR
|
| 942 |
|
|
|c BK
|